01623cam a22003371 4500001001300000003000400013005001700017008004100034010001700075035001900092040004800111042001200159050002200171082002000193100003700213245024500250260005500495300010400550490005500654500005700709500014000766500009000906504003200996650002101028650003501049650002601084700005601110700004001166740006201206999001701268gs 38000286 DLC20260227111343.0780502s1938 ksua 000 0 eng c ags 38000286  a(OCoLC)3854213 aU. S. Geological Survey. LibrarycTxEUdDLC apremarc00aQE113b.A2 no. 24 a(267)K4b no. 241 aPierce, William Gamewell,d1904-10aGeology and coal resources of the southeastern Kansas coal fieldbin Crawford, Cherokee and Labette counties,cby W. G. Pierce and W. H. Courtier, with a report on Pennsylvanian invertebrate faunas of southeastern Kansas, by James Williams. aLawrence, Kansas,bState geological survey,c1938. a122 p.bincl. illus., tables, diagrs, 3 fold. maps (2 in pocket) fold tab., 3 fold diagrs.,c23 cm.0 aKansas. University. Geological survey. Bulletin 24 aAt head of title: State geological survey of Kansas. aInvestigation conducted by the United States Geological survey with funds provided for this purpose by the Public works administration. aPrinted by authority of the state of Kansas, July 15, 1937 (Issued September 1, 1938) aBibliographical foot-notes. 0aGeologyzKansas. 0aCoal mines and miningzKansas. 0aPaleontologyzKansas.1 aCourtier, William Henry,d1905- ,ejoint author.1 aWilliams, James Steele,d1896- .02aPennsylvanian invertebrate faunas of southeastern Kansas. c27495d27495